00875cam a22002778a 4500008004100000020002200041100001700063245009500080246004900175250001300224260004700237300004600284504004100330500002000371650001900391650002200410650001500432650001300447650003400460650003700494700002000531700001900551003000100570005001700571040000900588  a0443064687 (pbk.)1 aWaugh, Anne.10aRoss and Wilson anatomy and physiology in health and illness /cAnne Waugh, Allison Grant.30aAnatomy and physiology in health and illness a9th ed.  aEdinburgh :bChurchill Livingstone,c2001. aviii, 484 p.:bill. (some col.) ;c29 cm. aIncludes bibliographical references. aIncludes index. 0aHuman anatomy. 0aHuman physiology. 0aPathology. 0aNursing.12aAnatomyvNurses' Instruction.12aPhysiologyvNurses' Instruction.1 aGrant, Allison.1 aRoss, Janet S.20230123122010.0 cNUST